Teoría general del contrato.
保存先:
| 第一著者: | |
|---|---|
| その他の著者: | |
| フォーマット: | 図書 |
| 出版事項: |
Bogotá, Colombia:
Universidad Externado de Colombia,
1983.
|
| 版: | Primera edición. |
| 主題: | |
| タグ: |
タグ追加
タグなし, このレコードへの初めてのタグを付けませんか!
|
MARC
| LEADER | 00000nam a22000007a 4500 | ||
|---|---|---|---|
| 003 | CL-VaPUC | ||
| 005 | 20220822114529.0 | ||
| 008 | 220629t1983||| |||| 00| 0 eng d | ||
| 999 | |c 436501 |d 436499 | ||
| 020 | |a 958-616-159-5 | ||
| 040 | |c Pontificia Universidad Católica de Valparaíso | ||
| 082 | 7 | |a 346.022 SCO 1983 |2 22 | |
| 100 | 1 | |a Scognamiglio, Renato |e autor |9 871714 | |
| 245 | |a Teoría general del contrato. | ||
| 250 | |a Primera edición. | ||
| 260 | |a Bogotá, Colombia: |b Universidad Externado de Colombia, |c 1983. | ||
| 300 | |a 317 páginas. | ||
| 500 | |a c.1 Donación Familia Prof. Alejandro Guzmán Brito. | ||
| 583 | |c 20220629 |k Cristina María Rojas Aguilar | ||
| 650 | |a Contratos |x Requisitos |x Contenidos |9 871817 | ||
| 650 | |a Derecho comercial |9 256340 | ||
| 700 | |a Hinestrosa, Fernando |e traductor |9 871715 | ||
| 942 | |2 ddc |c BK |n 0 | ||
| 952 | |0 0 |1 0 |2 ddc |4 0 |6 346_022000000000000_SCO_1983 |7 0 |8 C_AGB |9 584178 |a BIBDER |b BIBDER |d 2022-06-29 |e Donación |i 5652335 |o 346.022 SCO 1983 |p 5652335 |r 2023-01-25 |t 1 |w 2022-06-29 |y BK_US |k AGB | ||